000 00313nam a22001217a 4500
008 180426b xxu||||| |||| 00| 0 eng d
041 _aeng
080 _a043.3
100 _a0
101 _aMBE-BTH
245 _aMenaxhimi i vlerësimit të performancës dhe motivimi tek punëtorët
_cIbishi,J
942 _2udc
_cBK
999 _c45612
_d45612